| 000 | 00702nam a22002297a 4500 | ||
|---|---|---|---|
| 999 |
_c10831 _d10831 |
||
| 001 | 10831 | ||
| 003 | BD-JhCC | ||
| 005 | 20190624135726.0 | ||
| 008 | 190521b20172010bd ||||| a||| 00| 0 ben d | ||
| 020 | _a9789843427199 | ||
| 035 | _a(BD-JhCC)10831 | ||
| 040 |
_aBD-JhCC _dBD-JhCC |
||
| 041 | _aeng | ||
| 082 |
_bCHO 2017 _a133.5 |
||
| 100 | _aচৌধুরী, কাসার আহমেদ | ||
| 245 |
_aভাগ্য জানার উপায় / _cকাসার আহমেদ চৌধুরী |
||
| 260 |
_aঢাকা : _bপ্রথমা প্রকাশন, _c2017. |
||
| 300 |
_a111 p. _bInclude _c20 cm. |
||
| 650 | _aAstrology | ||
| 942 |
_2ddc _cBK |
||